000 00480nam a2200157 i 4500
001 59745
003 ES-MaACL
005 20250907063044.0
007 t|
008 031030s1915 dr ||||1| spa d
100 1 _aHenríquez y Carvajal, Federico,
_d1848-1952
_947292
245 1 3 _aEl derecho público internacional y la guerra /
_cFederico Enríquez y Carvajal.
260 _aSanto Domingo :
_b[s.n.],
_c1915.
852 _aES-MaACL
_j1495-F-8
999 _c59745
_d59745